<?xml version="1.0" encoding="UTF-8"?>
<collection xmlns="http://www.loc.gov/MARC21/slim">
<record>
  <controlfield tag="001">111343</controlfield>
  <controlfield tag="005">20220309093115.0</controlfield>
  <datafield tag="037" ind1=" " ind2=" ">
    <subfield code="a">TAZ-TFG-2020-933</subfield>
  </datafield>
  <datafield tag="041" ind1=" " ind2=" ">
    <subfield code="a">spa</subfield>
  </datafield>
  <datafield tag="100" ind1="1" ind2=" ">
    <subfield code="a">Blázquez Henao, Ana María</subfield>
  </datafield>
  <datafield tag="242" ind1="0" ind2="0">
    <subfield code="a">DIAGNOSIS OF CORNELIA DE LANGE SYNDROME THROUGH FACIAL RECOGNITION ALGORITHMS</subfield>
  </datafield>
  <datafield tag="245" ind1="0" ind2="0">
    <subfield code="a">DIAGNÓSTICO DEL SÍNDROME CORNELIA DE LANGE MEDIANTE ALGORITMOS DE RECONOCIMIENTO FACIAL</subfield>
  </datafield>
  <datafield tag="260" ind1=" " ind2=" ">
    <subfield code="a">Zaragoza</subfield>
    <subfield code="b">Universidad de Zaragoza</subfield>
    <subfield code="c">2020</subfield>
  </datafield>
  <datafield tag="506" ind1=" " ind2=" ">
    <subfield code="a">by-nc-sa</subfield>
    <subfield code="b">Creative Commons</subfield>
    <subfield code="c">3.0</subfield>
    <subfield code="u">http://creativecommons.org/licenses/by-nc-sa/3.0/</subfield>
  </datafield>
  <datafield tag="520" ind1=" " ind2=" ">
    <subfield code="a">El fenotipo característico o clásico del síndrome de Cornelia de Lange (SCdL) está asociado con un patrón facial reconocible. Sin embargo, la heterogeneidad en los genes causales y la presencia de síndromes superpuestos han hecho que cada vez sea más difícil diagnosticarlo sólo por las características clínicas.&lt;br />La tecnología DeepGestalt basada en el aprendizaje profundo, una esfera de la inteligencia artificial, y su aplicación Face2Gene, está teniendo un impacto creciente en el diagnóstico y el manejo de las enfermedades genéticas mediante el análisis de las características de los individuos afectados.&lt;br />En este trabajo examinamos la destreza de este programa en el diagnóstico del SCdL. Para ello, se ha utilizado una cohorte de 14 individuos remitidos al laboratorio de Genética Clínica y Genómica Funcional para el análisis molecular del SCdL. Se ha comparado: el puntaje clínico según los criterios de Kline, los resultados del análisis facial con la aplicación Face2Gene y los resultados genéticos obtenidos. La sensibilidad de la aplicación fue del 100%, para el SCdL y los casos del síndrome de KBG hallados.&lt;br />El uso del reconocimiento facial, no solo se ha visto que es fiable, sino que puede facilitar considerablemente el diagnóstico y abrir más campos de investigación.&lt;br />&lt;br /></subfield>
  </datafield>
  <datafield tag="521" ind1=" " ind2=" ">
    <subfield code="a">Graduado en Medicina</subfield>
  </datafield>
  <datafield tag="540" ind1=" " ind2=" ">
    <subfield code="a">Derechos regulados por licencia Creative Commons</subfield>
  </datafield>
  <datafield tag="700" ind1=" " ind2=" ">
    <subfield code="a">Pié Juste, Juan; Latorre Pellicer, Ana</subfield>
    <subfield code="e">dir.</subfield>
  </datafield>
  <datafield tag="710" ind1="2" ind2=" ">
    <subfield code="a">Universidad de Zaragoza</subfield>
    <subfield code="b">Farmacología y Fisiología</subfield>
    <subfield code="c">Fisiología</subfield>
  </datafield>
  <datafield tag="856" ind1="0" ind2=" ">
    <subfield code="f">453842@unizar.es</subfield>
  </datafield>
  <datafield tag="856" ind1="4" ind2=" ">
    <subfield code="s">1006340</subfield>
    <subfield code="u">http://zaguan.unizar.es/record/111343/files/TAZ-TFG-2020-933.pdf</subfield>
    <subfield code="y">Memoria (spa)</subfield>
  </datafield>
  <datafield tag="909" ind1="C" ind2="O">
    <subfield code="o">oai:zaguan.unizar.es:111343</subfield>
    <subfield code="p">driver</subfield>
    <subfield code="p">trabajos-fin-grado</subfield>
  </datafield>
  <datafield tag="950" ind1=" " ind2=" ">
    <subfield code="a"></subfield>
  </datafield>
  <datafield tag="980" ind1=" " ind2=" ">
    <subfield code="a">TAZ</subfield>
    <subfield code="b">TFG</subfield>
    <subfield code="c">MED</subfield>
  </datafield>
  <datafield tag="999" ind1=" " ind2=" ">
    <subfield code="a">20200601085113.CREATION_DATE</subfield>
  </datafield>
  <datafield tag="951" ind1=" " ind2=" ">
    <subfield code="a">deposita:2022-03-09</subfield>
  </datafield>
</record>
</collection>